000
00217nam a2200097Ia 4500
008
240625s9999 xx 000 0 und d
041
_a
eng
100
_a
DIGIT
245
_a
DIGIT DVD DUAL LAYER PLAYWARE
260
_c
1909
999
_c
34576
_d
34576